| 000 | 00000nam 2200000zi 4500 |
| 001 | 9.941075 |
| 003 | CaOODSP |
| 005 | 20250107144100 |
| 006 | m o d f |
| 007 | cr mn||||||||| |
| 008 | 240725t20242024oncd obs f000 0 eng d |
| 040 | |aCaOODSP|beng|erda|cCaOODSP |
| 086 | 1 |aCS14-28-0001/2024-1-2E-PDF |
| 245 | 00|aMultiple jobholders, 2023. |
| 264 | 1|a[Ottawa] : |bStatistics Canada = Statistique Canada, |c2024. |
| 264 | 4|c©2024 |
| 300 | |a1 online resource (4 pages) : |bgraphs. |
| 336 | |atext|btxt|2rdacontent |
| 337 | |acomputer|bc|2rdamedia |
| 338 | |aonline resource|bcr|2rdacarrier |
| 490 | 1 |aQuality of employment in Canada ; |x2818-1247 |
| 500 | |aCover title. |
| 500 | |a"Release date: July 25, 2024." |
| 500 | |aIssued also in French under title: Les personnes cumulant des emplois, 2023. |
| 504 | |aIncludes bibliographical references. |
| 520 | |a"In 2023, the share of employed Canadians holding more than one job was 5.6%, representing approximately 1.1 million people"--Page 1. |
| 650 | 0|aSupplementary employment|zCanada|vStatistics. |
| 650 | 0|aQuality of work life|zCanada|vStatistics. |
| 655 | 7|aStatistics|2lcgft |
| 710 | 2 |aStatistics Canada, |eissuing body. |
| 775 | 08|tLes personnes cumulant des emplois, 2023.|w(CaOODSP)9.941078 |
| 830 | #0|aQuality of employment in Canada,|x2818-1247|w(CaOODSP)9.940413 |
| 856 | 40|qPDF|s218 KB|uhttps://publications.gc.ca/collections/collection_2024/statcan/14-28-0001/CS14-28-0001-2024-1-2-eng.pdf |
| 856 | 4 |qHTML|sN/A|uhttps://www150.statcan.gc.ca/n1/pub/14-28-0001/2024001/article/00002-eng.htm |
| 986 | |a14-28-0001 |